00430 2200169 4500001002100000005001500021035002000036007000300056008004100059082000800100084001400108100002000122245004500142260004500187300001800232600001000250INLIS00000000000090320220613110944 a0010-0622000047ta220613 g 0 ind  a297 a297 ZAR s0 aZarkasih, Ahmad1 aSepatu dari Kulit Babi /cAhmad Zarkasih aJakarta :bRumah Fiqih Publishing,c2019 a33 hlm. ;c20 4aAgama